00354nam a22001217a 4500003000500000005001700005082001000022100001800032245007000050260003600120300001700156650005900173NUST20240226140823.0 a005.1 aAhmed, Naveen aAspect Oriented Design for Data Driven Projects /cNaveen Ahmed,  aRawalpindib MCS - NUST, c2013 a75 p. ; 30cm a Computer Software Engineering-Aspect Oriented Design